00972nab a22001817a 4500999001500000003000400015005001700019008004100036040000700077100003400084245009000118300001500208505035100223505007200574650002300646773010800669942001300777 c5818d5818OSt20260107000225.0190514b xxu||||| |||| 00| 0 spa d cPJ 96694aRoldan, Cinthia Vanesa 10aSalud mental y consumos : bcuando consumidores somos todxs /cCinthia Vanesa Roldan. ap. 125-136 aSumario: I. Introducción.— II. Desde dónde partimos.— III. ¿Qué nos dice el derecho sobre los consumos problemáticos?— IV. Algunas apreciaciones desde la sociología.— V. Tipos de consumo y su tratamiento en la Ley Plan IACOP.— VI. El anclaje social de las sustancias y los modelos de intervención.— VII. Palabras finales. tSi te interesa el texto, comunicate a koha@justierradelfuego.gov.ar 091272aSALUD MENTAL0 0284493222dBuenos Aires : AbeledoPerrot, 1989-tDerecho de familia. N° 117 - Noviembre 2024z18511201 2udccANA